000 00847nam a2200253 a 4500
999 _c12306
_d12306
001 12306
003 BD-JhCC
005 20210928101212.0
008 210927b20142020bg |||| ||a| 000 0 ban d
035 _a(BD-JhCC)12306
040 _aBD-JhCC
_dBD-JhCC
041 _aBengali
082 _a346.0134
_bSAM 2020
100 _aছামদানী,মুফ্তী হাবীব
245 _aকোরআন বিজ্ঞানের দৃষ্টিতে পর্দা /
_cমুফ্তী হাবীব ছামদানী ।
260 _aঢাকা:
_bমীনা বুক হাউজ;
_c২০২০.
300 _a112 p. :
_c22 cm
650 _aPurda
650 _aVelis-Religious aspects --Islam
650 _aMuslim Women--Clothing
650 _aHijab(islamic clothing)
942 _2ddc
_cBK